| 000 | 004980000a22001930004500 | ||
|---|---|---|---|
| 999 |
_c49124 _d49124 |
||
| 001 | 1974 | ||
| 003 | CO-MdFUSB | ||
| 005 | 20171115164223.0 | ||
| 008 | 171115b xxu||||| |||| 00| 0 eng d | ||
| 020 | _a958-8061-56-3 | ||
| 040 | _cCO-MdBIC | ||
| 082 | 0 | 4 | _a863C Ai28lb |
| 100 | 1 | _aCameron, Ann | |
| 245 | 1 | 0 | _aEl lugar mas bonito del mundo / Ann Cameron ; ilustracion de Thomas B. Allen |
| 260 | _aBogota : Alfaguara Infantil | ||
| 300 | _a69 P. | ||
| 650 | 1 | 4 | _aNovela juvenil |
| 942 | _cLGB | ||